000 00570 a2200205 4500
005 20240501160839.0
010 _aB-758836
020 _a0195630661
_c275.00
035 _aB-758836
037 _bGift/Unesco
082 _a306.2
100 _aBeteille, Andre
_965398
245 _aSociety and Politics in India/
_bAndre Beteille
260 _aDelhi
_bOxford
_c1992
270 _aDelhi
300 _a317p.;
_c22cm. (Hb)
_bIndex
500 _aIndex
942 _adpl
_cEN
_2ddc
_h306.2
_mBET
999 _c202502
_d202502